FC Barcelona 24/25 Starting Lineup - Statistics

General Stats
  • This quiz has been taken 190 times
  • The average score is 10 of 11
Answer Stats
Hint Answer % Correct
CM Pedri
98%
ST Lewandowski
96%
CM Gavi
95%
LW Raphinha
95%
RW Yamal
93%
RB Koundé
92%
LB Balde
91%
CB Cubarsí
89%
CAM Olmo
84%
CB Martínez
82%
GK Szczesny
72%
No matching quizzes found
Score Distribution
Percent of People with Each Score
Percentile by Number Answered
Your Score History
You have not taken this quiz